Tristi periferie : romanzo : avere vent'anni oggi nella solitudine di una grande città /

সংরক্ষণ করুন:
গ্রন্থ-পঞ্জীর বিবরন
প্রধান লেখক: Prevost, Walter (লেখক)
অন্যান্য লেখক: Ventura, Laura, Pagnani, Enzo (অনুবাদক)
বিন্যাস: গ্রন্থ
ভাষা:ইতালিয়
প্রকাশিত: Roma : Savelli, [1979]
মালা:Il pane e le rose ; 25
ট্যাগগুলো: ট্যাগ যুক্ত করুন
কোনো ট্যাগ নেই, প্রথমজন হিসাবে ট্যাগ করুন!

MARC

LEADER 00000nam a22000007i 4500
001 IT\ICCU\FER\0171361
003 ItRI
005 20260202121101.0
008 990325s1979 it |||||| ||||| |||||c
040 |b ita  |c ct 
041 7 |a ita  |2 ISO-639-2 
100 1 |a Prevost, Walter  |0 IT\ICCU\FERV\073346  |4 aut 
240 1 0 |a Tristes banlieues.  |9 Prevost, Walter 
245 1 0 |a Tristi periferie :  |b romanzo : avere vent'anni oggi nella solitudine di una grande città /  |c Walter Prevost. 
260 |a Roma :  |b Savelli,  |c [1979] 
300 |a 155 p. ;  |c 19 cm 
500 |a Trad. di Enzo Pagnani con la collaborazione di Laura Ventura. 
700 1 |a Ventura, Laura  |0 IT\ICCU\CFIV\036706 
700 1 |a Pagnani, Enzo  |0 IT\ICCU\SBLV\013038  |4 trl 
830 3 |a Il pane e le rose ;  |v 25  |0 IT\ICCU\RAV\0007699 
942 |2 ddc  |c BK 
952 |0 0  |1 0  |2 ddc  |4 0  |6 B_LNR02PREWATRI11  |7 0  |9 8374  |a MI  |b MI  |d 1987-07-03  |i 290  |l 0  |o B-LNR02-PREWA-TRI11  |p CDOM290  |r 2025-07-17 21:50:26  |w 2025-07-17  |x ACQUISTO  |y BK 
952 |0 0  |1 0  |4 0  |6 DOC_843_914000000000000_PRE  |7 0  |9 25110  |a BO  |b BO  |d 2026-01-15  |i 437  |l 0  |o DOC 843.914 PRE  |p BO437  |r 2026-01-15 23:23:58  |w 2026-01-15  |x [Sebina 5] [1 v.]  |y BK  |z 1 v. 
952 |0 0  |1 0  |4 0  |6 DOC_843_914000000000000_PRE  |7 0  |9 25111  |a BO  |b BO  |d 2026-01-15  |i 4459  |l 0  |o DOC 843.914 PRE  |p BO4459  |r 2026-01-15 23:23:58  |w 2026-01-15  |x [Sebina 5] [1 v.]  |y BK  |z 1 v. 
999 |c 6976  |d 6976